<?xml version="1.0" encoding="UTF-8"?>
<marc:record xmlns:marc="http://www.loc.gov/MARC21/slim">
   <marc:leader>00000nam a2200000 a 4500</marc:leader>
   <marc:datafield ind1=" " ind2=" " tag="653">
      <marc:subfield code="a">Elektrizität</marc:subfield>
   </marc:datafield>
   <marc:datafield ind1=" " ind2=" " tag="653">
      <marc:subfield code="a">Experimente</marc:subfield>
   </marc:datafield>
   <marc:datafield ind1=" " ind2=" " tag="653">
      <marc:subfield code="a">JT</marc:subfield>
   </marc:datafield>
   <marc:datafield ind1=" " ind2=" " tag="653">
      <marc:subfield code="a">LEADER</marc:subfield>
   </marc:datafield>
   <marc:datafield ind1=" " ind2=" " tag="653">
      <marc:subfield code="a">MINT</marc:subfield>
   </marc:datafield>
   <marc:datafield ind1=" " ind2=" " tag="653">
      <marc:subfield code="a">Magnetismus</marc:subfield>
   </marc:datafield>
   <marc:datafield ind1=" " ind2=" " tag="653">
      <marc:subfield code="a">Materialien</marc:subfield>
   </marc:datafield>
   <marc:datafield ind1=" " ind2=" " tag="653">
      <marc:subfield code="a">Mini-MINT</marc:subfield>
   </marc:datafield>
   <marc:datafield ind1=" " ind2=" " tag="653">
      <marc:subfield code="a">PIU</marc:subfield>
   </marc:datafield>
   <marc:datafield ind1=" " ind2=" " tag="653">
      <marc:subfield code="a">Physik</marc:subfield>
   </marc:datafield>
   <marc:datafield ind1=" " ind2=" " tag="653">
      <marc:subfield code="a">SPK</marc:subfield>
   </marc:datafield>
   <marc:datafield ind1=" " ind2=" " tag="653">
      <marc:subfield code="a">Unterricht</marc:subfield>
   </marc:datafield>
   <marc:datafield ind1=" " ind2=" " tag="653">
      <marc:subfield code="a">Unterrichtsmaterialien</marc:subfield>
   </marc:datafield>
   <marc:datafield ind1="0" ind2="0" tag="245">
      <marc:subfield code="a">Elektrizität und Magnetismus im Alltag</marc:subfield>
   </marc:datafield>
   <marc:datafield ind1="0" ind2="0" tag="245">
      <marc:subfield code="b">Gerätesatz&#xD;
Cornelsen Experimenta</marc:subfield>
   </marc:datafield>
   <marc:datafield ind1="1" ind2=" " tag="520">
      <marc:subfield code="a">Material für eine Schülergruppe oder zur Demonstration&#xD;
&#xD;
Mit den Materialien des Gerätesatzes lassen sich 23 einfache Versuche aus den folgenden Bereichen durchführen:&#xD;
&#xD;
Elektrizität:&#xD;
Elektrische Ladungen&#xD;
Wirkung elektrischer Ladungen&#xD;
Kräfte zwischen elektrischen Ladungen&#xD;
Nachweis elektrischer Ladungen&#xD;
&#xD;
Elektrischer Stromkreis:&#xD;
Öffnen und Schließen des elektrischen Stromkreises&#xD;
Elektrische Leitfähigkeit von festen Stoffen&#xD;
Elektrische Leitfähigkeit von flüssigen Stoffen&#xD;
Schaltung von Spannungsquellen&#xD;
Parallelschaltung von Glühlampen&#xD;
Reihenschaltung von Glühlampen&#xD;
Wärmewirkung des elektrischen Stromes&#xD;
Magnetische Wirkung des elektrischen Stromes&#xD;
Funktion einer elektrischen Klingel&#xD;
Funktion eines Elektromotors&#xD;
&#xD;
Magnetismus:&#xD;
Magnetische Wirkung auf Stoffe&#xD;
Weiterleitung der magnetischen Wirkung&#xD;
Kraftwirkung zwischen Magneten&#xD;
Schweben von Magneten&#xD;
Magnetisierung von Eisendraht&#xD;
Teilung eines Magneten&#xD;
Nachweis magnetischer Felder&#xD;
Modell-Kompass &#xD;
&#xD;
Inhalt:&#xD;
&#xD;
1 Handreichung Elektrizität und Magnetismus im Alltag&#xD;
1 Lehrerhandreichung&#xD;
&#xD;
1 Glasscheibe, transparent, 90x90mm&#xD;
1 Kunststoffplatte weiß, 90x90mm&#xD;
1 Schalterkontakt&#xD;
1 Hebelschalter-Arm&#xD;
1 Haltebügel mit Steckerstift&#xD;
2 Krokodilklemmen mit Stecker&#xD;
1 Drehlager&#xD;
1 Nadelhalter mit Stecker&#xD;
2 Glühlampenfassungen auf Steckelement&#xD;
2 Brückenstecker&#xD;
2 Stabmagnete, 23mm, mit Polkennzeichnung&#xD;
1 Elektromotor mit Steckern&#xD;
1 elektrische Klingel auf Steckern&#xD;
2 Rollwagen&#xD;
1 Packung Eisendrähte mit Brechkerben&#xD;
1 Heizdraht auf Spule&#xD;
1 Packung Styroporkugeln&#xD;
1 Kupferdraht mit Isolierung auf Spule&#xD;
1 Kunststoffbecher 125 ml&#xD;
1 Experimentierkabel rot 250mm&#xD;
1 Experimentierkabel blau 250 mm&#xD;
1 Windrosenplatte&#xD;
4 Kompasse klein&#xD;
4 Batterien 1,5V AA&#xD;
1 Satz Kleinmaterial&#xD;
1 Universal-Stecksockel&#xD;
1 Plexiglasstab&#xD;
2 Kunststoffstäbe&#xD;
1 Stabmagnet 100mm&#xD;
1 Reiblappen Wolle&#xD;
&#xD;
Kleinteile:&#xD;
1 Glimmlampe Neon&#xD;
1 Holundermarkpendel&#xD;
5 Glühlampen 2,5V / 0,1 A&#xD;
1 Magnetnadel 75mm&#xD;
1 Metallachse 110mm&#xD;
1 Reagenzglas 100mm Kunststoff&#xD;
1 Satz (5) Materialproben&#xD;
1 Kunststoffrohr transparent&#xD;
1 Kunststoffschachtel</marc:subfield>
   </marc:datafield>
</marc:record>
